Progress on rubber breeding of Thailand (Record no. 65917)

MARC details
000 -LEADER
fixed length control field 00394nam a2200133Ia 4500
100 ## - MAIN ENTRY--AUTHOR NAME
Personal name Lakawipat Napawan
245 #0 - TITLE STATEMENT
Title Progress on rubber breeding of Thailand
260 ## - PUBLICATION, DISTRIBUTION, ETC. (IMPRINT)
Name of publisher IRRDB International Rubber Conference 14-17 December 2011 Chiang
650 ## - SUBJECT ADDED ENTRY--TOPICAL TERM
Topical Term Rubber breeding
650 ## - SUBJECT ADDED ENTRY--TOPICAL TERM
Topical Term Thailand
700 ## - ADDED ENTRY--PERSONAL NAME
Personal name Teerawatanasuk Kanikar
942 ## - ADDED ENTRY ELEMENTS (KOHA)
Koha item type Journals
Holdings
Withdrawn status Lost status Damaged status Not for loan Home library Current library Shelving location Date acquired Koha item type
      Journals RRII Library RRII Library Botany 25/09/2013 Journals